| 000 | 00981nam a2200253Ia 4500 | ||
|---|---|---|---|
| 003 | OSt | ||
| 005 | 20220923215447.0 | ||
| 006 | a|||||r|||| 00| 0 | ||
| 007 | ta | ||
| 008 | 220922b |||||||| |||| 00| 0 hin d | ||
| 024 | _a178,997 | ||
| 037 | _cTextual | ||
| 040 |
_aARTS _cARTS _bhin |
||
| 041 |
_2hin _ahin |
||
| 082 | _aO152,1M89:g(S:5), L8 | ||
| 100 |
_aअग्रवाल, धर्मप्रकाश _9156285 |
||
| 245 | 0 | _aप्रसाद काव्य में भाव व्यजंना मनोवैज्ञानिक विवेचन | |
| 246 | _aPrasād kāvya mean bhāv vyajannā hinovaijnyānik vivechana | ||
| 260 |
_aमेरठ _b अनुराधा प्रकाशन _c1978 |
||
| 300 |
_a568 पृ. _ccm. |
||
| 650 |
_aहिन्दी साहित्य _9156264 |
||
| 942 |
_hO152,1M89:g(S:5), L8 _cTEXL _2CC |
||
| 999 |
_c332378 _d332378 |
||